Mathematical economics

Enregistré dans:
Détails bibliographiques
Format: Publication en série
Langue:anglais
Publié: Wroclaw Department of Mathematics of Wroclaw University of Economics 2014
Sujets:
Tags: Ajouter un tag
Pas de tags, Soyez le premier à ajouter un tag!

MARC

LEADER 00000nas2a2200000 4500
001 0252086
005 20190318111547.6
022 |a 1733-9707 
041 0 |a eng 
044 |a PL 
245 1 0 |a Mathematical economics 
264 1 |a Wroclaw  |b Department of Mathematics of Wroclaw University of Economics  |c 2014 
773 0 |w eu_un_cat*0090375 
610 2 0 |a školy vysoké 
610 2 0 |a ekonómia matematická 
610 2 0 |a veda ekonomická